Human resource management practices : (Record no. 75329)

MARC details
000 -LEADER
fixed length control field 00589nam a22001937a 4500
005 - DATE AND TIME OF LATEST TRANSACTION
control field 20130514152858.0
010 ## - LCCN (DPL NO)
LC control number ENG-107096
020 ## - INTERNATIONAL STANDARD BOOK NUMBER
International Standard Book Number 8188652040
Terms of availability 500.00
035 ## - SYSTEM CONTROL NUMBER
System control number EN-90629
037 ## - SOURCE OF ACQUISITION
Source of stock number/acquisition DBAD/PUB
082 ## - DEWEY DECIMAL CLASSIFICATION NUMBER
Classification number 658.3
100 ## - MAIN ENTRY--PERSONAL NAME
Personal name Tiwari, T.D.
245 10 - TITLE STATEMENT
Title Human resource management practices :
Statement of responsibility, etc by T.D. Tiwari
Remainder of title concept and cases /
260 ## - PUBLICATION, DISTRIBUTION, ETC. (IMPRINT)
Place of publication, distribution, etc Haryana
Name of publisher, distributor, etc Shanti Prakashan
Date of publication, distribution, etc 2012
270 ## - ADDRESS
Address 1780, Sector-1, Delhi By-pass
City Rohtak
Postal code 124001
300 ## - PHYSICAL DESCRIPTION
Extent 238p.
Dimensions 22cm(Hb)
500 ## - GENERAL NOTE
General note Includes bibliographical references
942 ## - ADDED ENTRY ELEMENTS (KOHA)
Source of classification or shelving scheme Dewey Decimal Classification
Item type English Books
Call number suffix TIW
Classification part 658.3
Holdings
Withdrawn status Lost status Not for loan Collection code Home library Current library Date acquired Source of acquisition Cost, normal purchase price Full call number Barcode Copy number Cost, replacement price Koha item type
    Not For Loan Non-fiction D.B.Act.Division D.B.Act.Division 09/05/2013 DBAD/PUB 500.00 658.3 TIW EN-90629 1 500.00 English Books

© Delhi Public Library
Hit Counter
free hit counter